000 00653nam a2200205Ia 4500
003 GCL
008 140319s9999 xx 000 0 ara d
040 _aGCL /
_cGCL
082 0 4 _a362.293
_bف ط
100 1 _aفؤاد بسيونى
245 1 0 _aظاهرة انتشار وادمان المخدرات (دراسة لابعاد المشكلة) /
_cفؤاد بسيونى
260 _a[S.N] :
_bدار المعرفة الجامعية ،
_c1988
300 _a117 ص
490 _a
650 0 4 _aادمان المخدرات
650 0 4 _aالمخدرات والشباب
650 0 4 _aالمخدرات
650 0 4 _aالادمان
942 _2ddc
_cBK
999 _c47855
_d47855